| 000 | 00376nam a2200157Ia 4500 | ||
|---|---|---|---|
| 008 | 221030s9999 xx 000 0 und d | ||
| 020 | _a0070263628 | ||
| 041 | _aEnglish | ||
| 082 | _a105.23 | ||
| 100 | _aA. Kazmi | ||
| 245 | 0 |
_aStrategic Management & Business Policy _cby A. Kazmi |
|
| 260 |
_bTMH _aNew Delhi _c2009 |
||
| 300 | _a698 | ||
| 650 | _aManagement | ||
| 942 | _cBK | ||
| 999 |
_c8871 _d8871 |
||